ՀՀ Գիտությունների ազգային ակադեմիայի հիմնարար գիտական գրադարան  =   Fundamental Scientific Library of NAS RA

Գյուղական գրադարանի աշխատանքի հաշվառումը և պլանավորումը : (Record no. 125547)

MARC details
000 -LEADER
fixed length control field 00915nam a2200205 u 4500
001 - CONTROL NUMBER
control field 000333961
003 - CONTROL NUMBER IDENTIFIER
control field AM-YeHGA
005 - DATE AND TIME OF LATEST TRANSACTION
control field 20250618072105.0
008 - FIXED-LENGTH DATA ELEMENTS--GENERAL INFORMATION
fixed length control field 030910s1972 ai r 000 0 arm d
040 ## - CATALOGING SOURCE
Original cataloging agency AM-YeHGA
041 0# - LANGUAGE CODE
Language code of text/sound track or separate title arm
090 ## - LOCALLY ASSIGNED LC-TYPE CALL NUMBER (OCLC); LOCAL CALL NUMBER (RLIN)
-- 126905
245 00 - TITLE STATEMENT
Title Գյուղական գրադարանի աշխատանքի հաշվառումը և պլանավորումը :
Remainder of title (Մեթոդ. նյութեր) /
Statement of responsibility, etc. ՀՍՍՀ Կուլտուրայի մինիստր., Սլ. Մյասնիկյանի անվ. հանրապետ. գ-րան.
260 ## - PUBLICATION, DISTRIBUTION, ETC.
Place of publication, distribution, etc. Երևան :
Name of publisher, distributor, etc. Ա. հ.,
Date of publication, distribution, etc. 1972.
300 ## - PHYSICAL DESCRIPTION
Extent 38 էջ
Other physical details աղս. ;
Dimensions 20 սմ.
440 #0 - SERIES STATEMENT/ADDED ENTRY--TITLE
Title Օգնություն գրադարանավարներին
650 14 - SUBJECT ADDED ENTRY--TOPICAL TERM
Topical term or geographic name entry element Գրադարանային գործ
9 (RLIN) 246
710 2# - ADDED ENTRY--CORPORATE NAME
Corporate name or jurisdiction name as entry element ՀՍՍՀ Կուլտուրայի մինիստրություն
710 2# - ADDED ENTRY--CORPORATE NAME
Corporate name or jurisdiction name as entry element Հանրապետական գրադարան Ալ. Մյասնիկյանի անվան
Holdings
Withdrawn status Lost status Damaged status Not for loan Collection Home library Current library Date acquired Total checkouts Full call number Barcode Date last seen Price effective from Koha item type Public note
        General Fundamental Scientific Library Fundamental Scientific Library 22/12/2016   027.5(-22) 220049299 22/12/2016 22/12/2016 Գրքեր / Books 30 Days Loan
        General Fundamental Scientific Library Fundamental Scientific Library 22/12/2016   027.5(-22) 220049300 22/12/2016 22/12/2016 Գրքեր / Books 30 Days Loan


ՀՀ ԳԱԱ հիմնարար գիտական գրադարան
ՀՀ,Երևան 0019
Մարշալ Բաղրամյան 24/6
հեռախոս:(374-10) 52-47-50
Հետադարձ կապ

All site content, except where otherwise noted, is licensed under a
Creative Commons License